| 000 | 00976-am-a2200217-a-4500 | ||
|---|---|---|---|
| 001 | 000213887 | ||
| 003 | AM-YeHGA | ||
| 005 | 20250617124214.0 | ||
| 008 | 950720s1985 ru a||||r|||||||||0|rus|d | ||
| 040 | _aAM-YeHGA | ||
| 041 | 0 | _arus | |
| 245 | 1 | 0 |
_aЭродированные почвы и повышение их плодородия / _cАН СССР, Сиб. отд-ние, Ин-т почвоведения и агрохимии ; Отв. ред. В. П. Панфилов. |
| 260 |
_aНовосибирск : _bНаука. Сиб. отд-ние , _c1985. |
||
| 300 |
_a215 с. : _bрис., табл. ; _c22 см. |
||
| 650 | 1 | 4 |
_aПочвы эродированные _xПлодородие |
| 650 | 1 | 4 |
_aЭродированные почвы _xПлодородие |
| 700 | 1 |
_aПанфилов, Виктор Петрович _eред. _4edt |
|
| 710 | 2 | _aИн-т почвоведения и агрохимии СО АН СССР | |
| 942 |
_2udc _cBK |
||
| 090 | _c76069 | ||
| 999 |
_c74844 _d74844 |
||